000 00686nam a22002177a 4500
005 20240904114426.0
010 _aENG-141626
020 _a9789353435097
_c550.00
035 _aEN-125158
037 _bDBAD
082 _a510
_25
100 _aKhattar Dinesh
_970976
245 _aComplete Companion for JEE Main 2020 Mathemaatics/
_cBy Dinesh Khattar [and] Rohan Sinha
250 _a5
260 _aNoida
_bPearson
_c2020
270 _a15th Floor, Tower B, Worls Trade Tower, Plot No.1, Block -C
_bNoida (UP)
_e201301
300 _aVarious Pages
_c25cm(pb)
_bill.
490 _vVol 1
700 _aSinha, Rohan
_eAuthor
_970977
942 _2ddc
_cEN
_h510
_mKHA
_e5
999 _c205529
_d205529